Sondage : Quel club supportes-tu ? - Statistiques

Statistiques générales
  • Ce quiz a été pris 233 fois
  • Le résultat moyen est 8 sur 20
Statistiques - réponses
Lettre Club Lettre de ton club % Correct
A OL A
52%
L Real Madrid L
47%
M PSG M
47%
O Lens O
43%
S OM S
43%
T Autre (dis en commentaire ) T
42%
F Barca F
41%
B Manchester City B
39%
E Atletico Madrid E
39%
P Manchester United P
37%
R Rennes R
37%
C Juventus C
36%
G Arsenal G
36%
D Chelsea D
35%
I Inter Milan I
35%
N Borussia Dortmund N
35%
Q Liverpool Q
34%
H Lille H
33%
J AC Milan J
33%
K Bayern Munich K
33%
Aucun quiz correspondant
Distribution des résultats
% des personnes avec chaque résultat
Percentile par nombre de réponses
Votre historique - résultats
Vous n’avez pas pris ce quiz